000 00481nam a2200181Ia 4500
001 18637
005 20260306171645.0
008 260306s9999||||xx |||||||||||||| ||und||
041 _aESP
082 _a658.4093
_bM26
100 _aMarshall, Grace
_eAUT
245 0 _aCómo ser realmente productivo:
_blograr resultados efectivos en tiempos exigentes
260 _c2016
300 _axi, 263 páginas :
_c24 cm.
650 _aGEN
654 _aCAN
942 _cLIB
_dJUS
_fJUS
_2ddc
_n
999 _c18637
_d18637